| 000 | 00922nam a22003497a 4500 | ||
|---|---|---|---|
| 005 | 20250521133133.0 | ||
| 008 | 230220b2021 |||||||| |||| 00| 0 spa d | ||
| 020 | _a9789587922721 | ||
| 041 | _aESP | ||
| 082 | _a613.62 M798r | ||
| 100 | _aMontoya Agudelo, César Alveiro | ||
| 245 | _aRiesgos psicosociales laborales | ||
| 260 | _aColombia | ||
| 260 | _bEdiciones de la U | ||
| 260 | _c2021 | ||
| 300 | _a288 páginas | ||
| 365 |
_b¢12.000 _eFecha de compra: 17/11/2022 |
||
| 650 | _aSALUD OCUPACIONAL | ||
| 650 | _aRIESGOS PSICOSOCIALES | ||
| 650 | _aSALUD LABORAL | ||
| 650 | _aESTRÉS LABORAL | ||
| 650 | _aSÍNDROME DE BURNOUT | ||
| 650 | _aACOSO LABORAL | ||
| 650 | _aMOOBING | ||
| 650 | _aACOSO PSICOLÓGICO | ||
| 650 | _aACOSO SEXUAL | ||
| 650 | _aEVALUACIÓN DE RIESGOS | ||
| 650 | _aCOVID 19 | ||
| 650 | _aTELETRABAJO | ||
| 650 | _aCULTURA ORGANIZACIONAL | ||
| 942 |
_cBK _2ddc |
||
| 999 |
_c13420 _d13420 |
||